banner-ar

كريت تحت الحكم المصرى 1830 - 1840 / (Record no. 65956)

MARC details
000 -الفاتح
حقل البيانات ثابتة الطول 00884nam a22002297a 4500
005 - وقت وتاريخ اخر تعامل مع التسجيلة
رقم الضبط 20240530110851.0
008 - عناصر البيانات ثابتة الطول - معلومات عامة
حقل البيانات ثابتة الطول 200912s2019 ua a f b 000 0dara d
017 ## - رقم الايداع القانونى
رقم الايداع القانونى 2019/5330
المصدر ( الهيئة المختصة) مصر. دار الكتب
020 ## - الرقم الدولى المعيارى للكتب
الرقم الدولى المعيارى للكتاب 9789771813644
040 ## - مصدر الفهرسة
وكالة الفهرسة الأصلية EG-CaGPL
وكالة النسخ EG-CaGPL
082 04 - رقم تصنيف ديوى العشرى
رقم الطبعة 21
رقم التصنيف 962.031\
رقم المادة ق/ز ك
100 0# - المدخل الرئيسى - إسم شخصى
الإسم الشخصى زينب عصمت راشد
245 10 - بيان العنوان
العنوان كريت تحت الحكم المصرى 1830 - 1840 /
بيان المسئوليه,etc تاليف زينب عصمت راشد
250 ## - بيان الطبعة
بيان الطبعة ط.1
260 ## - PUBLICATION, DISTRIBUTION, ETC. (IMPRINT)
تاريخ النشر أو التوزيع 2019
300 ## - الوصف المادى
التعداد 260 ص. ؛
أبعاد الوعاء 24 سم.
650 07 - المدخل الاضافى بالموضوع-مصطلح موضوعى
مصدر الرأس أو المصطلح qrmak
مصطلح موضوعي التأريخ
651 07 - المدخل الاضافى بالموضوع - اسم جغرافى
مصدر الرأس أو المصطلح qrmak
الاسم الجغرافي كريت
التقسيم الفرعي العام تاريخ
651 07 - المدخل الاضافى بالموضوع - اسم جغرافى
الاسم الجغرافي مصر
التقسيم الفرعي العام تاريخ
التقسيم الفرعي الزمني العصر الحديث
التقسيم الفرعي الجغرافي عصر محمد على
مصدر الرأس أو المصطلح qrmak
942 ## - عناصر المدخل الإضافي( كوها)
مصدر التصنيف او مخطط الترفيف Dewey Decimal Classification
Koha [default] item type كتاب
260 ## - PUBLICATION, DISTRIBUTION, ETC. (IMPRINT)
-- القاهرة :
-- مطبعة دار الكتب و الوثائق القومية بالقاهرة ،
Holdings
حالة التراجع حالة الفقد حالة تلف ليس للاعارة المكان المؤقت الموقع الحالى موقع الترفيف تاريخ الاكتساب اجمالي اﻻعارات رقم الطلب الباركود تاريخ اخر مشاهدة تاريخ تفعيل السعر نوع وعاء كوها
        مكتبة القاهرة الكبرى مكتبة القاهرة الكبرى   11/29/2020   962.031\ ق/ز ك 167080 11/29/2020 11/29/2020 كتاب

Powered By

EGPV